000
00239nam a2200121Ia 4500
100
_a
#N/A
650
_a
Computer/ IT
942
_c
BK
654
_a
linux
245
_a
Linux for you ; KDE 4.3 Live CD
260
_b
#N/A
546
_a
ENGLISH
999
_c
30998
_d
30998